| 000 | 00490pab a2200181 454500 | ||
|---|---|---|---|
| 008 | 180718b1998 xxu||||| |||| 00| 0 eng d | ||
| 100 | _aRastogi, Savita | ||
| 245 | _aAcademic staff development in higher education | ||
| 260 | _c1998 | ||
| 300 | _ap.1-4,12 | ||
| 362 | _a17 Aug | ||
| 650 | _aEducation - India | ||
| 650 | _aHigher education - India | ||
| 650 | _aEducational personnel - India | ||
| 650 | _aInservice teacher education | ||
| 773 | _aUniversity News | ||
| 909 | _a38351 | ||
| 999 |
_c38351 _d38351 |
||